Zanimatel'nyje matematičeskije igry

Guardado en:
Detalles Bibliográficos
Formato: Libro
Lenguaje:ruso
Publicado: Moskva Znanije 1987
Edición:2. isprav. i dopoln. izd.
Etiquetas: Agregar Etiqueta
Sin Etiquetas, Sea el primero en etiquetar este registro!

MARC

LEADER 00000nam a2200000 4500
001 c028594
005 20260128075344.7
041 0 |a rus 
044 |a RU 
245 1 0 |a Zanimatel'nyje matematičeskije igry  |c Jevgenij Jakovlevič Gik 
250 |a 2. isprav. i dopoln. izd. 
264 1 |a Moskva  |b Znanije  |c 1987 
300 |a 157 s.